/lit/'s Top 100 Books of All Time - Statistics

General Stats
  • This quiz has been taken 70 times
    66 since last reset
  • The average score is 53 of 101
Answer Stats
Rank Book Author % Correct
22 1984 George Orwell
100%
99 Animal Farm George Orwell
98%
20 Hamlet William Shakespeare
98%
13 The Divine Comedy Dante Alighieri
94%
15 The Iliad Homer
94%
17 The Odyssey Homer
94%
14 Anna Karenina Leo Tolstoy
94%
63 Wuthering Heights Emily Brontë
92%
5 Ulysses James Joyce
92%
16 War and Peace Leo Tolstoy
92%
85 Frankenstein Mary Shelley
92%
53 Les Misérables Victor Hugo
92%
34 The Lord of the Rings J.R.R. Tolkien
90%
71 The Hobbit J.R.R. Tolkien
90%
69 The Old Man and the Sea Ernest Hemingway
88%
2 The Brothers Karamazov Fyodor Dostoevsky
87%
4 Crime and Punishment Fyodor Dostoevsky
87%
21 One Hundred Years of Solitude Gabriel García Márquez
87%
35 The Metamorphosis Franz Kafka
85%
62 The Great Gatsby F. Scott Fitzgerald
85%
1 Moby Dick Herman Melville
85%
7 Don Quixote Miguel de Cervantes
85%
3 Lolita Vladimir Nabokov
85%
80 The Grapes of Wrath John Steinbeck
83%
40 East of Eden John Steinbeck
81%
51 Brave New World Aldous Huxley
79%
27 Dubliners James Joyce
79%
30 The Catcher in the Rye J.D. Salinger
79%
88 Das Kapital Karl Marx
79%
86 Alice in Wonderland Lewis Carroll
77%
44 The Picture of Dorian Gray Oscar Wilde
77%
74 Madame Bovary Gustave Flaubert
75%
49 Heart of Darkness Joseph Conrad
75%
57 Republic Plato
75%
56 To the Lighthouse Virginia Woolf
75%
12 The Stranger Albert Camus
73%
43 The Count of Monte Cristo Alexandre Dumas
73%
18 The Trial Franz Kafka
69%
38 The Idiot Fyodor Dostoevsky
67%
72 Finnegan's Wake James Joyce
65%
39 Paradise Lost John Milton
65%
28 Catch-22 Joseph Heller
65%
36 A Portrait of the Artist as a Young Man James Joyce
63%
25 Faust Johann Wolfgang von Goethe
63%
52 Dune Frank Herbert
62%
60 Slaughterhouse Five Kurt Vonnegut
62%
19 In Search of Lost Time Marcel Proust
62%
87 The Name of the Rose Umberto Eco
62%
75 The Sun Also Rises Ernest Hemingway
60%
37 Thus Spoke Zarathustra Friedrich Nietzsche
56%
23 Notes from the Underground Fyodor Dostoevsky
56%
32 The Sound and the Fury William Faulkner
56%
48 The Magic Mountain Thomas Mann
54%
46 Siddhartha Hermann Hesse
50%
98 Critique of Pure Reason Immanuel Kant
46%
82 As I Lay Dying William Faulkner
46%
9 Gravity's Rainbow Thomas Pynchon
44%
66 Absalom, Absalom! William Faulkner
44%
55 American Psycho Bret Easton Ellis
42%
6 Infinite Jest David Foster Wallace
42%
33 The Master and Margarita Mikhail Bulgakov
42%
8 Blood Meridian Cormac McCarthy
40%
54 Steppenwolf Hermann Hesse
40%
15 Ficciones Jorge Luis Borges
38%
83 Dead Souls Nikolai Gogol
38%
65 Meditations Marcus Aurelius
37%
42 Pale Fire Vladimir Nabokov
37%
84 The Naked Lunch William S. Burroughs
37%
64 Demons Fyodor Dostoevsky
33%
89 White Noise Don Delillo
29%
79 If on a Winter's Night a Traveler Italo Calvino
29%
59 V. Thomas Pynchon
29%
45 A Confederacy of Dunces John Kennedy Toole
27%
41 Mason & Dixon Thomas Pynchon
27%
73 The Crying of Lot 49 Thomas Pynchon
27%
92 Phenomenology of Spirit G.W.F. Hegel
25%
77 Invisible Cities Italo Calvino
25%
70 Molloy, Malone Dies, The Unnamable(trilogy) Samuel Beckett
23%
76 The Waves Virginia Woolf
23%
29 Journey to the End of the Night Louis-Ferdinand Céline
21%
67 Man Without Qualities Robert Musil
21%
24 2666 Roberto Bolaño
21%
68 Confessions Augustine
19%
11 Stoner John Williams
19%
78 The Life and Opinions of Tristram Shandy, Gentleman Laurence Sterne
19%
47 Hunger Knut Hamsun
17%
70 The Savage Detectives Roberto Bolaño
17%
81 A Hero of Our Time Mikhail Lermontov
15%
95 JR William Gaddis
12%
94 The Tunnel William H. Gass
12%
31 Book of Disquiet Fernando Pessoa
10%
58 The Recognitions William Gaddis
10%
61 The Sailor Who Fell From Grace Withthe Sea Yukio Mishima
10%
97 Industrial Society and Its Future Ted Kaczynski
8%
90 Pedro Páramo Juan Rulfo
4%
50 No Longer Human Osamu Dazai
4%
93 Storm of Steel Ernst Jünger
2%
26 The Book of the New Sun Gene Wolfe
2%
96 Bhagavad Gita Maharishi Ved Vyasa
2%
100 The Elementary Particles Michelle Houllebecq
2%
91 Kokoro Natsume Sōseki
2%
No matching quizzes found
Score Distribution
Percent of People with Each Score
Percentile by Number Answered
Your Score History
You have not taken this quiz since the last reset